000 00560nam a22002057a 4500
001 BT-PhCST
003 OSt
005 20190204161650.0
008 180423b xxu||||| |||| 00| 0 eng
020 _a0070590346
040 _aBT-PhCST
_cBT-PhCST
_dBT-PhCST
050 _a6244-6251
082 _222
_a620.1
_bEVE
100 _aEvett, Jack B...et al.
245 _a2500 sloved problems in fluid mechanics and hydraulics /
260 _aNew Delhi,
_bTata Mcgraw Hill,
_cc2004.
300 _ax, 797 p. ;
_bill ;
_c27 cm.
700 _aLiu, Cheng.
942 _2ddc
_cMEC
_010
999 _c2
_d2